000 00733nam a2200253 i 4500
001 C2-0158060
003 PPAK
005 20180727132910.0
008 980512s1997 my |||| ||||| | may d
020 _a9830296490
040 _aPPAK
_beng
_cPPAK
_erda
082 0 4 _a910.76
_223
090 0 0 _a910.76
_bCHO
_dG
100 1 _aChong, Mui Sen,
_eauthor
245 1 0 _aBantuan Studi Lengkap SPM Geografi (Kemahiran dan Fizikal) KBSM Prima
264 1 _aPetaling Jaya, Selangor :
_bSasbadi ,
_c1997
300 _axvi, 384 pages ;
_c26 cm
336 _2rdacontent
_atext
337 _2rdamedia
_aunmediated
338 _2rdacarrier
_avolume
650 1 0 _aGeography - Problems, questions, etc.
700 _eauthor
942 _ddc
_cB
999 _c48607
_d48607